000 00304nam a2200121Ia 4500
008 240731s9999 xx 000 0 und d
022 _a1521-0731
245 0 _aStudies in Conflict & Terrorism
260 _bRoutledge
856 _uhttps://www.tandfonline.com/loi/uter20
942 _2ddc
942 _cTFEJ
999 _c79582
_d79582
945 _a1
_bMadushi Gamage
_c1
_dMadushi Gamage